Výstavba diaľníc

Z obsahu: Diaľnice sa na Slovensku stavajú dlho a draho. Indexácia cien má tuhý život. Alternatívne financovanie v plienkach. O výstavbe a dostavbe diaľnic rozhoduje ich príprava. Diaľničný program je zrelý na zásadnú revíziu. Čísla hovoria pre severo-južný variant.

Salvato in:
Dettagli Bibliografici
Autore principale: Začková, Katarína
Altri autori: Kovalčík, Ján
Natura: Capitolo di libro
Lingua:slovacco
Soggetti:
Tags: Aggiungi Tag
Nessun Tag, puoi essere il primo ad aggiungerne!!

MARC

LEADER 00000naa a2200000 4500
001 r048704
005 20230921114553.2
041 0 |a slo 
044 |a SK 
245 1 0 |a Výstavba diaľníc  |c Katarína Začková, Ján Kovalčík 
520 |a Z obsahu: Diaľnice sa na Slovensku stavajú dlho a draho. Indexácia cien má tuhý život. Alternatívne financovanie v plienkach. O výstavbe a dostavbe diaľnic rozhoduje ich príprava. Diaľničný program je zrelý na zásadnú revíziu. Čísla hovoria pre severo-južný variant. 
610 2 0 |a diaľnice 
610 2 0 |a financovanie 
610 2 0 |a ceny 
610 2 0 |a prieskum geologický 
610 2 0 |a revízia 
610 2 0 |a sever-juh 
100 1 |a Začková, Katarína 
700 1 |a Kovalčík, Ján